000 01082cam a22003011 4500
001 gs 09000115
003 DLC
005 20260227111308.0
007 cr_|||||||||||
008 720327s1909 dcuab 000 0 eng
010 _ags 09000115
035 _a(OCoLC)270849
040 _aDLC
_cODaWU
_dNmSoI
_dDLC
042 _apremarc
050 0 0 _aTC801
_b.U2 no. 223
051 _aGB1025.M2
_bC6
086 0 _aI 19.13:223
100 1 _aClapp, Frederick G.
_q(Frederick Gardner),
_d1879-1944.
245 1 0 _aUnderground waters of southern Maine,
_cby Frederick G. Clapp, with Records of deep wells by W.S. Bayley.
260 _aWashington,
_bGovt. Print. Off.,
_c1909.
300 _a268 p.
_billus., maps (part col., part fold.)
_c23 cm.
490 1 _aWater-supply paper,
_v223
530 _aAlso available in digital form on the Internet Archive Web site.
650 0 _aGroundwater
_zMaine.
700 1 _aBayley, William Shirley,
_d1861-1943.
830 0 _aWater-supply paper (Geological Survey (U.S.)) ;
_vno. 223
856 4 1 _uhttp://hdl.loc.gov/loc.gdc/scd0001.0019953659A
999 _c24820
_d24820